00481 a2200157 45000010006000000050017000060080041000230030015000640400040000790800093001192450022002120200018002342640032002523000019002841000020003035933220260407155847.0260407a1990 arg spa dAR-UNSa-BCEJYS aAR-UNSa-BCEJYSbspacAR-UNSa-BCEJYS a339.92xCooperación económica internacional. Integración económica internacional10aArgentina- Brasil a950-718-009-5 1aBuenos Aires :bTesisc1990 a389 p.c20 cm.1 aHirst, Mónica